000 01117nam a22003257a 4500
003 CHAP
005 20220329140342.0
008 971013s1966 r 00010 d
010 _a50824
011 _a51796
035 _a55946
040 _cCHAP
082 _a620.02
_bP5 1966
100 0 0 _aPlazola Cisneros, Alfredo.
_989158
245 _aNormas y costos de construcción
250 _a2 ed.
260 _aMéxico :
_bLimusa-Wiley,
_c1966
300 _a2 v.
_b: ilus.
505 _aContenido: v.1 Normas y costos de construcción.-- v.2 Tarjetas de análisis de costos
590 _aBATCH-UPD
_b10
_c20130110
_lUCH01
_h0329
590 _aBATCH-UPD
_b10
_c20130110
_lUCH01
_h2002
590 _aBATCH-UPD
_b10
_c20130410
_lUCH01
_h0002
590 _aBATCH-UPD
_b10
_c20130914
_lUCH01
_h1036
590 _aCONVERSION
_b10
_c20130109
_lUCH01
_h1328
650 1 4 _aConstrucción
_xCostos.
_927384
901 _aBK
942 _cLIBRO
949 _a620.02 P5 1966
_bBC
_cLIBRO
_d33724000013165
_eLIBRO
_fv.2
_h14152
_i55946
_si
_t350.00
949 _a620.02 P5 1966
_bBC
_cLIBRO
_d33724000013173
_eLIBRO
_fv.1
_h14151
_i55946
_si
_t350.00
999 _c50824
_d50824